[Event "GER-ch Seniors-A 17th"]
[Site "Essen"]
[Date "2005.08.21"]
[Round "2"]
[White "Schwertel, Johann"]
[Black "Richter, Horst"]
[Result "1-0"]
[WhiteElo "2068"]
[BlackElo "1846"]
[PlyCount "25"]
[EventDate "2005.08.20"]
[EventType "swiss"]
[EventRounds "9"]
[EventCountry "GER"]
[SourceTitle "CBM 108 Extra"]
[Source "ChessBase"]
[SourceDate "2005.11.04"]
[SourceVersion "1"]
[SourceVersionDate "2005.11.04"]
[SourceQuality "1"]

1. d4 d5 2. c4 e5 3. e3 Bb4+ 4. Nc3 Bxc3+ 5. bxc3 exd4 6. cxd4 Nf6 7. Ba3 Be6 8. Qb3 b6 9. Nf3 Nbd7 10. Ne5 dxc4 11. Bxc4 Bxc4 12. Qxc4 c5 13. Qxf7# 1-0

[Event "GER-ch Seniors-A 17th"]
[Site "Essen"]
[Date "2005.08.20"]
[Round "1"]
[White "Richter, Horst"]
[Black "Huebner, Eckardt"]
[Result "1/2-1/2"]
[WhiteElo "1846"]
[BlackElo "2081"]
[PlyCount "63"]
[EventDate "2005.08.20"]
[EventType "swiss"]
[EventRounds "9"]
[EventCountry "GER"]
[SourceTitle "CBM 108 Extra"]
[Source "ChessBase"]
[SourceDate "2005.11.04"]
[SourceVersion "1"]
[SourceVersionDate "2005.11.04"]
[SourceQuality "1"]

1. c4 e5 2. Nc3 d6 3. e3 f5 4. Be2 Nf6 5. d4 Nbd7 6. Nf3 e4 7. Nd2 g6 8. f3 exf3 9. Nxf3 Bg7 10. 0-0 0-0 11. Ng5 Qe7 12. Nh3 Re8 13. Nf4 c6 14. Bf3 Ne4 15. Nxe4 fxe4 16. Bg4 Nf6 17. Bxc8 Raxc8 18. Bd2 d5 19. cxd5 cxd5 20. Qb3 Qd7 21. Rac1 g5 22. Ne2 Re6 23. Rxc8+ Qxc8 24. Nc3 Rb6 25. Qc2 Bf8 26. Be1 Bb4 27. Qf2 Bxc3 28. Bxc3 Kg7 29. h3 Qe6 30. Ba5 Ra6 31. Bd8 Kg6 32. Bxf6 1/2-1/2